[Event "Stay Safe Play From Home 356"]
[Site "Emanuel Lasker Arena"]
[Date "2020.08.04"]
[Round "7"]
[White "Trotsky"]
[Black "Fischer_11"]
[Result "0-1"]
[WhiteElo "1658"]
[BlackElo "2096"]
[Annotator "NA RC"]
[PlyCount "44"]
[EventDate "2020.08.04"]
[EventType "swiss (blitz)"]

1. d4 {[%emt 0:00:01]} e5 {[%emt 0:00:03]} 2. e3 {[%emt 0:00:01]} exd4 {[%emt 0:00:01]} 3. exd4 {[%emt 0:00:01]} d5 {[%emt 0:00:02]} 4. Be3 {[%emt 0:00:01]} Bd6 {[%emt 0:00:00]} 5. c4 {[%emt 0:00:01]} c6 {[%emt 0:00:02]} 6. Nc3 {[%emt 0:00:01]} Nf6 {[%emt 0:00:01]} 7. c5 {[%emt 0:00:01]} Bc7 {[%emt 0:00:02]} 8. Bd3 {[%emt 0:00:01]} O-O {[%emt 0:00:01]} 9. Qc2 {[%emt 0:00:01]} Re8 {[%emt 0:00:02]} 10. Nf3 {[%emt 0:00:01]} Bg4 {[%emt 0:00:02]} 11. Ng5 {[%emt 0:00:03]} h6 {[%emt 0:00:02]} 12. h4 {[%emt 0:00:01]} Na6 {[%emt 0:00:00]} 13. a3 {[%emt 0:00:02]} hxg5 {[%emt 0:00:13]} 14. hxg5 {[%emt 0:00:01]} Ne4 {[%emt 0:00:01]} 15. Nxe4 {[%emt 0:00:01]} dxe4 {[%emt 0:00:00]} 16. Bxe4 {[%emt 0:00:01]} Qe7 {[%emt 0:00:07]} 17. Bh7+ {[%emt 0:00:03]} Kf8 {[%emt 0:00:01]} 18. Kf1 {[%emt 0:00:07]} g6 {[%emt 0:00:04]} 19. Bxg6 {[%emt 0:00:02]} fxg6 {[%emt 0:00:00]} 20. Qxg6 {[%emt 0:00:02]} Qg7 {[%emt 0:00:01]} 21. Qd3 {[%emt 0:00:08]} Re7 {[%emt 0:00:06]} 22. Rh7 {[%emt 0:00:03]} Qxh7 {[%emt 0:00:01] Trotsky Ñäàåòñÿ Trotsky Ñäàåòñÿ Trotsky Ñäàåòñÿ Trotsky Ñäàåòñÿ Trotsky Ñäàåòñÿ (Lag: Av=0.36s, max=0.9s) (Lag: Av=0.36s, max=0.9s) (Lag: Av=0.36s, max=0.9s) (Lag: Av=0.36s, max=0.9s) (Lag: Av=0.36s, max=0.9s)} 0-1

[Event "Stay Safe Play From Home 356"]
[Site "Emanuel Lasker Arena"]
[Date "2020.08.04"]
[Round "8"]
[White "Broken sword"]
[Black "UdayChandra"]
[Result "1-0"]
[WhiteElo "2425"]
[BlackElo "1818"]
[Annotator "TA"]
[PlyCount "89"]
[EventDate "2020.08.04"]
[EventType "swiss (blitz)"]

{[%evp 12,88,36,25,70,34,54,42,57,47,80,52,113,73,126,116,139,129,118,118,118,65,160,66,116,67,89,59,72,77,116,110,118,100,106,103,232,170,232,230,375,255,285,218,236,0,221,216,269,262,251,260,246,247,29989,29990,29990,29991,29991,29991,29992,29993,29994,29995,29995,29994,29998,29998,29998,29992,29993,29991,29991,29991,29996,0,29988,29988,29999]} 1. e4 c6 2. d4 d6 3. Nc3 g6 4. h3 Bg7 5. Nf3 Nf6 6. Be3 O-O 7. Qd2 e5 {7...Nbd7 is a critical line. B08: Pirc Defence: Classical System.} 8. O-O-O Qe7 9. Bh6 {[#]} exd4 $146 {White is slightly better.} ({Predecessor:} 9... b5 10. dxe5 dxe5 11. Bd3 Na6 12. Kb1 Nc5 13. Bxg7 Kxg7 14. Qe3 a5 15. Ne2 a4 {1-0 (31) Galdunts,S (2486)-Sass,A (2145) Bad Wildbad 2002}) 10. Bxg7 Kxg7 11. Nxd4 Nbd7 (11... b5 $14) 12. f3 Ne5 ({Black should try} 12... Nb6) 13. Nb3 $16 d5 14. exd5 Nxd5 15. Nxd5 cxd5 16. Qxd5 (16. f4 $16 {Re1 is the strong threat.} Nc6 17. g4 (17. Qxd5 Rd8 $11)) 16... f6 (16... Bf5 $14 17. f4 Nc6) 17. Kb1 (17. f4 $16 Nc6 18. Bb5) 17... Be6 18. Qd2 Rfd8 19. Qc1 Bxb3 20. axb3 Rac8 21. Be2 Rxd1 22. Qxd1 a5 23. Qd2 b5 (23... Nc6 $16) 24. Qxa5 b4 (24... Nc6 {was worth a try.} 25. Qa6 (25. Qxb5 Nd4 $15 {[%mdl 64] Double Attack}) 25... Re8) 25. Rd1 $18 Qe6 (25... Nf7 $142) 26. Qd5 Qb6 27. Qd4 Qa5 28. Qd5 $2 (28. f4 $18 Nf7 29. Qd7) 28... Qc7 $2 (28... Qb6 $1 $11 {and Black stays safe.}) 29. Rd2 Rb8 30. f4 Nf7 {Hoping for ...Rd8.} 31. Qd7 Qxf4 {...Rd8 would now be nice for Black.} 32. Bc4 Rd8 $2 (32... Rf8 $18 33. Rd1 Qe4) 33. Qxf7+ Kh6 34. Rxd8 Qf2 35. Rd1 Qxg2 36. Qxf6 Qb7 37. h4 Qa7 {[#]} 38. h5 $1 {[%mdl 64] Decoy} Kxh5 39. Rh1+ Kg4 40. Qf1 Qd4 41. Be2+ Kg5 42. Rg1+ Kh6 43. Rh1+ $2 (43. Qf8+ {mates} Qg7 44. Qf4+ g5 45. Rh1+ Kg6 46. Bd3#) 43... Kg7 $2 {[%mdl 8192] [#]} (43... Kg5 $11 44. Rg1+ Qxg1 45. Qxg1+ Kf6 46. Qb6+ Kg5 47. Qxb4 Kf5 48. Qh4 h5 49. Bd3+ Ke6 50. Bxg6 Kd6) 44. Qh3 Kh8 45. Qxh7# {Accuracy: White = 48%, Black = 28%.} 1-0

[Event "Stay Safe Play From Home 356"]
[Site "Emanuel Lasker Arena"]
[Date "2020.08.04"]
[Round "8"]
[White "Lamborghini"]
[Black "NTBT_DHS"]
[Result "0-1"]
[WhiteElo "2301"]
[BlackElo "2584"]
[Annotator "TA"]
[PlyCount "48"]
[EventDate "2020.08.04"]
[EventType "swiss (blitz)"]

{[%evp 9,48,4,18,-6,18,0,0,0,12,7,39,15,94,-43,-20,-32,-16,-10,-10,-8,-25,-135,-38,-201,-36,-617,108,120,129,117,200,-33,-37,-22,-29,-66,-81,-906,-913,-1026,-1007]} 1. e4 g6 2. d4 Bg7 3. Nc3 d6 4. Be3 Nd7 {[#]} 5. Qf3 $146 ({Predecessor:} 5. Nf3 a6 6. Bc4 e6 7. a4 Ne7 8. a5 O-O 9. Qd2 Nf6 10. Bd3 Ng4 11. Bg5 h6 12. Bh4 g5 13. h3 Ne5 14. dxe5 gxh4 15. exd6 cxd6 16. Nxh4 {1-0 (49) Hovhannisyan,R (2637)-Saric,I (2695) St Petersburg 2018}) 5... Ngf6 6. g4 {B06: Modern Defence.} O-O 7. g5 Nh5 8. O-O-O {The position is equal.} c5 9. Nge2 Qa5 10. Kb1 b5 (10... cxd4 $11 11. Nxd4 Nb6) 11. dxc5 ({Better is} 11. Nd5 $16) 11... dxc5 {Threatens to win with ...Ne5.} (11... Ne5 $5 12. Qg2 $8 Nc4 13. cxd6 Qb4 $11) 12. Nd5 e6 13. Ne7+ Kh8 {Threatening ...Ne5.} 14. Nxc8 Ne5 15. Qg2 (15. Qh3 $11 Raxc8 16. f4) 15... Raxc8 (15... Nc4 $1 $17 16. Bc1 (16. Bxc5 $2 Nxb2 17. Bxf8 Nxd1 $19) 16... Raxc8) 16. Bc1 $2 (16. Qh3 $1 $15) 16... Nc4 $2 (16... Rfd8 $19 17. Rxd8+ Rxd8) 17. Ng3 $2 {[%mdl 8192] [#]} (17. Qh3 $15) 17... Nf4 $2 {[#]} (17... Na3+ $1 $19 {[%mdl 512]} 18. Ka1 (18. bxa3 {gets mated.} Qc3 19. e5 Bxe5 20. Rd4 Bxd4 21. Nxh5 Qa1#) 18... Nxc2+ 19. Kb1 Na3+ $1 {[%mdl 576] Deflection} 20. bxa3 Qc3) 18. Qf3 $1 $16 {[%cal Rf3f4]} (18. Bxf4 $2 Nxb2 19. Rd6 (19. Bd2 $2 Rfd8 $19) 19... Qe1+ 20. Bc1 Na4 $19) 18... e5 19. h4 Qb4 {[#]} (19... Rfd8 $16) 20. b3 $2 (20. a3 $1 $18 {[%cal Ra3b4]} Qa5 21. h5) 20... Na3+ $15 21. Bxa3 $1 Qxa3 22. h5 c4 {aiming for ...c3.} 23. Ne2 $2 {[%mdl 8192]} ({Not} 23. h6 $2 c3 $19) (23. Qc3 $17 gxh5 24. Nxh5) 23... Nxe2 $19 24. Bxe2 c3 {Accuracy: White = 45%, Black = 41%.} 0-1

[Event "Stay Safe Play From Home 356"]
[Site "Emanuel Lasker Arena"]
[Date "2020.08.04"]
[Round "8"]
[White "Fischer_11"]
[Black "Lazieri3"]
[Result "0-1"]
[WhiteElo "2099"]
[BlackElo "2069"]
[Annotator "NA RC"]
[PlyCount "86"]
[EventDate "2020.08.04"]
[EventType "swiss (blitz)"]

1. e4 {[%emt 0:00:00]} e5 {[%emt 0:00:01]} 2. Nc3 {[%emt 0:00:01]} f6 {[%emt 0:00:00]} 3. Bc4 {[%emt 0:00:00]} Bc5 {[%emt 0:00:00]} 4. d3 {[%emt 0:00:00]} Nc6 {[%emt 0:00:01]} 5. f4 {[%emt 0:00:00]} Nd4 {[%emt 0:00:01]} 6. Nf3 {[%emt 0:00:01]} exf4 {[%emt 0:00:02]} 7. Bxf4 {[%emt 0:00:02]} d6 {[%emt 0:00:01]} 8. Nxd4 {[%emt 0:00:06]} Bxd4 {[%emt 0:00:01]} 9. Qe2 {[%emt 0:00:01]} Ne7 {[%emt 0:00:02]} 10. Be3 {[%emt 0:00:01]} Bxe3 {[%emt 0:00:01]} 11. Qxe3 {[%emt 0:00:00]} Bd7 {[%emt 0:00:02]} 12. O-O {[%emt 0:00:01]} Qc8 {[%emt 0:00:02]} 13. a4 {[%emt 0:00:03]} Be6 {[%emt 0:00:01]} 14. Bxe6 {[%emt 0:00:03]} Qxe6 {[%emt 0:00:01]} 15. Nb5 {[%emt 0:00:01]} Qd7 {[%emt 0:00:02]} 16. Nxa7 {[%emt 0:00:03]} O-O {[%emt 0:00:03]} 17. Nb5 {[%emt 0:00:03]} c6 {[%emt 0:00:01]} 18. Nc3 {[%emt 0:00:01]} d5 {[%emt 0:00:01]} 19. exd5 {[%emt 0:00:02]} Nxd5 {[%emt 0:00:00]} 20. Nxd5 {[%emt 0:00:01]} Qxd5 {[%emt 0:00:00]} 21. b3 {[%emt 0:00:05]} Rfe8 {[%emt 0:00:01]} 22. Qf3 {[%emt 0:00:01]} Re7 {[%emt 0:00:05]} 23. Rae1 {[%emt 0:00:04]} Rxe1 {[%emt 0:00:02]} 24. Rxe1 {[%emt 0:00:00]} Qc5+ {[%emt 0:00:01]} 25. Qf2 {[%emt 0:00:02]} Qxf2+ {[%emt 0:00:01]} 26. Kxf2 {[%emt 0:00:00]} Kf7 {[%emt 0:00:00]} 27. Re3 {[%emt 0:00:02]} Ra5 {[%emt 0:00:01]} 28. Ke2 {[%emt 0:00:02]} Rc5 {[%emt 0:00:01]} 29. c4 {[%emt 0:00:01]} Rg5 {[%emt 0:00:01]} 30. g3 {[%emt 0:00:01]} h5 {[%emt 0:00:01]} 31. d4 {[%emt 0:00:01]} h4 {[%emt 0:00:01]} 32. Kd3 {[%emt 0:00:03]} hxg3 {[%emt 0:00:01]} 33. Rxg3 {[%emt 0:00:00]} Rh5 {[%emt 0:00:01]} 34. h3 {[%emt 0:00:01]} Rf5 {[%emt 0:00:01]} 35. b4 {[%emt 0:00:01]} Rf1 {[%emt 0:00:01]} 36. b5 {[%emt 0:00:01]} Ra1 {[%emt 0:00:00]} 37. bxc6 {[%emt 0:00:01]} bxc6 {[%emt 0:00:01]} 38. Ke4 {[%emt 0:00:01]} Rxa4 {[%emt 0:00:01]} 39. Rb3 {[%emt 0:00:01]} Rxc4 {[%emt 0:00:01]} 40. Rb7+ {[%emt 0:00:00]} Kg6 {[%emt 0:00:01]} 41. Rc7 {[%emt 0:00:01]} Kh6 {[%emt 0:00:02]} 42. Kd3 {[%emt 0:00:01]} Rc1 {[%emt 0:00:01]} 43. d5 {[%emt 0:00:01]} Rd1+ {[%emt 0:00:00] Zeit Zeit Zeit Zeit Zeit (Lag: Av=0.53s, max=1.0s) (Lag: Av=0.53s, max=1.0s) (Lag: Av=0.53s, max=1.0s) (Lag: Av=0.53s, max=1.0s) (Lag: Av=0.53s, max=1.0s)} 0-1

[Event "Stay Safe Play From Home 356"]
[Site "Emanuel Lasker Arena"]
[Date "2020.08.04"]
[Round "8"]
[White "TheCHESSHOUSE"]
[Black "Nuktotitakoi"]
[Result "0-1"]
[WhiteElo "2096"]
[BlackElo "2384"]
[Annotator "TA"]
[PlyCount "46"]
[EventDate "2020.08.04"]
[EventType "swiss (blitz)"]

{[%evp 18,46,70,34,40,37,36,-347,-59,-70,-53,-84,-60,-209,61,-237,-234,-1221,-1210,-1161,-1144,-1179,-1166,-1148,-1117,-1712,-1431,-1403,-1351,-29985,-1945]} 1. d4 d6 2. c4 Nf6 3. Nc3 g6 4. e4 Bg7 5. Nf3 O-O 6. Be3 Nbd7 7. Be2 e5 8. d5 Nc5 9. Nd2 a5 10. O-O Nfd7 {10...h5 is setting a new trend. E94: King's Indian: Classical: 6 Be2 e5 7 0-0: Various Black 7th moves.} 11. b3 f5 {[#]} 12. f4 $146 {[%mdl 8192]} (12. a3 $14 {stays ahead.}) ({Predecessor:} 12. f3 Nf6 13. a3 Nh5 14. b4 Nd7 15. c5 Nf4 16. Nc4 axb4 17. axb4 Rxa1 18. Qxa1 {0-1 (35) Firouzja,A (2456)-Amonatov,F (2620) Doha 2016}) 12... Bf6 $2 (12... exf4 $19 13. Bxc5 Nxc5) 13. fxe5 $15 Nxe5 14. exf5 Bxf5 15. Kh1 (15. Bxc5 $15 dxc5 16. Nde4) 15... Ncd3 $2 ({Black should play} 15... Ned3 $19 16. Nb5 Bxa1 17. Qxa1 Qe7) 16. Nf3 $2 {[%mdl 8192]} (16. Nde4 $14 {keeps the upper hand.} Nb4 17. Nxf6+ Qxf6 18. Qd2) 16... Ng4 $19 17. Bd2 $2 (17. Bg1 Ngf2+ 18. Bxf2 Nxf2+ 19. Rxf2 Bxc3 20. Rc1) 17... Ndf2+ 18. Kg1 Nxd1 19. Raxd1 Bxc3 20. Bxc3 Ne3 21. Nd4 Nxd1 22. Rxd1 {[#]} Qg5 $1 {( -> ...Bh3)} 23. h3 Qe3+ {Accuracy: White = 21%, Black = 44%.} (23... Be4 $142 24. Bf3 Bxf3 25. Nxf3 Rxf3 26. Bd2 {[#]} Qe5 $1 {[%mdl 512]} 27. Rc1 Qd4+ {[%mdl 64] Double Attack} 28. Kh1 Qxd2 {[%mdl 64] Double Attack} 29. Rg1 Rd3 30. b4 Re8 31. bxa5 Re2 32. Kh2 Qe3 33. Kh1 Qxh3+ $1 {[%mdl 576] Demolition} 34. gxh3 Rxh3#) 0-1

[Event "Stay Safe Play From Home 356"]
[Site "Emanuel Lasker Arena"]
[Date "2020.08.04"]
[Round "8"]
[White "Ao017545"]
[Black "AChessPlayer"]
[Result "0-1"]
[WhiteElo "1694"]
[BlackElo "2377"]
[Annotator "NA RC"]
[PlyCount "60"]
[EventDate "2020.08.04"]
[EventType "swiss (blitz)"]

1. e3 {[%emt 0:00:01]} d5 {[%emt 0:00:01]} 2. d4 {[%emt 0:00:01]} g6 {[%emt 0:00:00]} 3. c4 {[%emt 0:00:01]} Bg7 {[%emt 0:00:00]} 4. cxd5 {[%emt 0:00:01]} Qxd5 {[%emt 0:00:00]} 5. Nc3 {[%emt 0:00:00]} Qd8 {[%emt 0:00:00]} 6. Nf3 {[%emt 0:00:00]} Nf6 {[%emt 0:00:00]} 7. Bd3 {[%emt 0:00:00]} O-O {[%emt 0:00:00]} 8. Bc2 {[%emt 0:00:00]} Nbd7 {[%emt 0:00:00]} 9. Qd3 {[%emt 0:00:00]} c5 {[%emt 0:00:00]} 10. d5 {[%emt 0:00:04]} a6 {[%emt 0:00:03]} 11. h4 {[%emt 0:00:01]} b5 {[%emt 0:00:01]} 12. h5 {[%emt 0:00:01]} c4 {[%emt 0:00:00]} 13. Qd1 {[%emt 0:00:07]} Nc5 {[%emt 0:00:01]} 14. hxg6 {[%emt 0:00:02]} hxg6 {[%emt 0:00:00]} 15. e4 {[%emt 0:00:04]} Bg4 {[%emt 0:00:01]} 16. Rh4 {[%emt 0:00:02]} e5 {[%emt 0:00:03]} 17. Bg5 {[%emt 0:00:06]} Ncd7 {[%emt 0:00:07]} 18. Qe2 {[%emt 0:00:00]} Qb6 {[%emt 0:00:01]} 19. O-O-O {[%emt 0:00:01]} Rfc8 {[%emt 0:00:01]} 20. Bxf6 {[%emt 0:00:02]} Nxf6 {[%emt 0:00:01]} 21. Nxe5 {[%emt 0:00:01]} Bxe2 {[%emt 0:00:02]} 22. Nxe2 {[%emt 0:00:03]} Qxf2 {[%emt 0:00:01]} 23. Rdh1 {[%emt 0:00:01]} Qxe2 {[%emt 0:00:01]} 24. Nc6 {[%emt 0:00:06]} Rxc6 {[%emt 0:00:01]} 25. dxc6 {[%emt 0:00:01]} Rc8 {[%emt 0:00:00]} 26. e5 {[%emt 0:00:01]} Qxe5 {[%emt 0:00:02]} 27. Kb1 {[%emt 0:00:05]} c3 {[%emt 0:00:01]} 28. Rh7 {[%emt 0:00:01]} Nxh7 {[%emt 0:00:02]} 29. Rxh7 {[%emt 0:00:00]} Kxh7 {[%emt 0:00:00]} 30. Bxg6+ {[%emt 0:00:00]} fxg6 {[%emt 0:00:01] Ao017545 terk eder Ao017545 terk eder Ao017545 terk eder Ao017545 terk eder Ao017545 terk eder (Lag: Av=0.67s, max=1.1s) (Lag: Av=0.67s, max=1.1s) (Lag: Av=0.67s, max=1.1s) (Lag: Av=0.67s, max=1.1s) (Lag: Av=0.67s, max=1.1s)} 0-1

[Event "Stay Safe Play From Home 356"]
[Site "Emanuel Lasker Arena"]
[Date "2020.08.04"]
[Round "8"]
[White "Stepmaker"]
[Black "Trotsky"]
[Result "0-1"]
[WhiteElo "1408"]
[BlackElo "1656"]
[Annotator "NA RC"]
[PlyCount "62"]
[EventDate "2020.08.04"]
[EventType "swiss (blitz)"]

1. d4 {[%emt 0:00:03]} d5 {[%emt 0:00:01]} 2. e3 {[%emt 0:00:00]} e6 {[%emt 0:00:00]} 3. c3 {[%emt 0:00:00]} c5 {[%emt 0:00:01]} 4. Nd2 {[%emt 0:00:00]} Nc6 {[%emt 0:00:01]} 5. Nb3 {[%emt 0:00:00]} c4 {[%emt 0:00:01]} 6. Nd2 {[%emt 0:00:01]} Bd6 {[%emt 0:00:01]} 7. b3 {[%emt 0:00:02]} Qc7 {[%emt 0:00:01]} 8. Be2 {[%emt 0:00:01]} Nf6 {[%emt 0:00:01]} 9. Ngf3 {[%emt 0:00:00]} Bd7 {[%emt 0:00:01]} 10. O-O {[%emt 0:00:01]} Ng4 {[%emt 0:00:01]} 11. Bb2 {[%emt 0:00:00]} h5 {[%emt 0:00:01]} 12. h3 {[%emt 0:00:01]} O-O-O {[%emt 0:00:02]} 13. Ne5 {[%emt 0:00:02]} Ncxe5 {[%emt 0:00:02]} 14. dxe5 {[%emt 0:00:00]} Bxe5 {[%emt 0:00:01]} 15. bxc4 {[%emt 0:00:01]} Bh2+ {[%emt 0:00:01]} 16. Kh1 {[%emt 0:00:02]} Bg1 {[%emt 0:00:01]} 17. g3 {[%emt 0:00:03]} Bxf2 {[%emt 0:00:02]} 18. Rxf2 {[%emt 0:00:01]} Nxf2+ {[%emt 0:00:01]} 19. Kg2 {[%emt 0:00:02]} Nxd1 {[%emt 0:00:02]} 20. Rxd1 {[%emt 0:00:00]} h4 {[%emt 0:00:01]} 21. Bf3 {[%emt 0:00:00]} Qxg3+ {[%emt 0:00:01]} 22. Kf1 {[%emt 0:00:12]} Qxh3+ {[%emt 0:00:02]} 23. Kf2 {[%emt 0:00:02]} Qg3+ {[%emt 0:00:03]} 24. Kf1 {[%emt 0:00:01]} f5 {[%emt 0:00:02]} 25. Bh1 {[%emt 0:00:02]} g5 {[%emt 0:00:02]} 26. Nf3 {[%emt 0:00:02]} f4 {[%emt 0:00:02]} 27. Ng1 {[%emt 0:00:00]} Qh2 {[%emt 0:00:03]} 28. Rd2 {[%emt 0:00:02]} Qxd2 {[%emt 0:00:03]} 29. Bc1 {[%emt 0:00:02]} Qd1+ {[%emt 0:00:01]} 30. Kf2 {[%emt 0:00:02]} g4 {[%emt 0:00:02]} 31. Bg2 {[%emt 0:00:05]} g3# {[%emt 0:00:01] Mate Mate Mate Mate Mate} 0-1

[Event "Stay Safe Play From Home 356"]
[Site "Emanuel Lasker Arena"]
[Date "2020.08.04"]
[Round "9"]
[White "Nuktotitakoi"]
[Black "Fischer_11"]
[Result "1-0"]
[WhiteElo "2390"]
[BlackElo "2080"]
[Annotator "NA RC"]
[PlyCount "29"]
[EventDate "2020.08.04"]
[EventType "swiss (blitz)"]

1. e4 {[%emt 0:00:01]} Nf6 {[%emt 0:00:01]} 2. Nc3 {[%emt 0:00:00]} d5 {[%emt 0:00:01]} 3. e5 {[%emt 0:00:00]} Ne4 {[%emt 0:00:01]} 4. d3 {[%emt 0:00:01]} Nxc3 {[%emt 0:00:01]} 5. bxc3 {[%emt 0:00:00]} c5 {[%emt 0:00:00]} 6. Nf3 {[%emt 0:00:00]} Nc6 {[%emt 0:00:00]} 7. d4 {[%emt 0:00:00]} Bg4 {[%emt 0:00:01]} 8. Bb5 {[%emt 0:00:00]} cxd4 {[%emt 0:00:01]} 9. Bxc6+ {[%emt 0:00:01]} bxc6 {[%emt 0:00:01]} 10. cxd4 {[%emt 0:00:00]} e6 {[%emt 0:00:02]} 11. O-O {[%emt 0:00:02]} c5 {[%emt 0:00:01]} 12. Rb1 {[%emt 0:00:01]} cxd4 {[%emt 0:00:02]} 13. Qxd4 {[%emt 0:00:01]} Bxf3 {[%emt 0:00:01]} 14. Rb7 {[%emt 0:00:00]} Rc8 {[%emt 0:00:23]} 15. Qa4+ {[%emt 0:00:03] Fischer_11 gibt auf Fischer_11 gibt auf Fischer_11 gibt auf Fischer_11 gibt auf Fischer_11 gibt auf (Lag: Av=0.39s, max=0.5s) (Lag: Av=0.39s, max=0.5s) (Lag: Av=0.39s, max=0.5s) (Lag: Av=0.39s, max=0.5s) (Lag: Av=0.39s, max=0.5s)} 1-0

[Event "Stay Safe Play From Home 356"]
[Site "Emanuel Lasker Arena"]
[Date "2020.08.04"]
[Round "9"]
[White "AChessPlayer"]
[Black "NTBT_DHS"]
[Result "1-0"]
[WhiteElo "2378"]
[BlackElo "2589"]
[Annotator "TA"]
[PlyCount "67"]
[EventDate "2020.08.04"]
[EventType "swiss (blitz)"]

{[%evp 9,66,0,8,0,0,0,6,-4,36,-10,13,-25,23,-20,50,0,0,-17,18,-23,-12,-18,31,20,8,-10,-9,-10,0,0,0,0,44,15,21,28,227,242,231,45,50,-85,114,121,66,76,1087,1083,29997,29994,29995,29996,29996,29997,29997,29998,29998,29999,29999]} 1. Nf3 g6 2. g3 Bg7 3. Bg2 e5 4. O-O d5 5. d3 Nc6 6. c4 {A07: Réti Opening: New York and Capablanca Systems.} Nge7 7. cxd5 Nxd5 8. Nc3 {The position is equal.} O-O 9. Nd2 (9. Nxe5 $5 Nxc3 10. Nxc6 $14) 9... Nb6 {[#]} 10. a3 $146 ({Predecessor:} 10. Nde4 h6 11. Be3 Nd4 12. Nc5 c6 13. b4 Qe7 14. Rb1 Kh7 15. a4 a5 16. Bxd4 exd4 17. N3e4 Nd5 18. Qe1 axb4 19. Nb3 f5 20. Ned2 Nc3 21. Ra1 Re8 22. Bf3 Rxa4 23. Rxa4 Nxa4 {0-1 (23) Vinke,A (2210)-Thiele,M (2094) Neumuenster 2000}) 10... Be6 11. Rb1 Qd7 ({Black should play} 11... f5 $11) 12. b4 Bh3 13. Bb2 Rad8 14. Nde4 Bxg2 15. Kxg2 h6 16. Nc5 Qc8 17. Qb3 Nd4 18. Qa2 Kh7 19. e3 Nf5 20. Rbd1 Nd6 21. N3e4 {[%cal Bc3e4,Be4d2,Bd2f3,Bf3e5][%mdl 32]} f5 22. Nd2 {And now Ne6 would win.} f4 $2 (22... Rde8 $11) 23. Ne6 $18 fxe3 {[#] aiming for ...e2.} 24. fxe3 $2 ({Not} 24. Nxd8 Qxd8 25. fxe3 Nf5 $16) (24. Nxf8+ $18 Rxf8 25. fxe3) 24... Rxf1 $14 25. Rxf1 (25. Nxf1 $14 {was the only good move.} Re8 26. Nxg7 Kxg7 27. Nd2) 25... Re8 $2 (25... Ndc4 $17 26. Nxd8 Nxe3+ {[%mdl 64] Double Attack} 27. Kf2 Nxf1 28. Nxf1 Qxd8) 26. Nxg7 $16 Kxg7 27. Nf3 Nf7 $2 {[%mdl 8192] [#]} (27... Nd7 $16) 28. Nxe5 $1 $18 Ng5 29. Nf3+ {White mates.} Kh7 30. Nxg5+ hxg5 31. Qf7+ Kh6 32. Qg7+ Kh5 33. Qh7+ Kg4 34. Qh3# {Accuracy: White = 63%, Black = 41%.} 1-0

[Event "Stay Safe Play From Home 356"]
[Site "Emanuel Lasker Arena"]
[Date "2020.08.04"]
[Round "9"]
[White "Lazieri3"]
[Black "Broken sword"]
[Result "0-1"]
[WhiteElo "2087"]
[BlackElo "2426"]
[Annotator "TA"]
[PlyCount "106"]
[EventDate "2020.08.04"]
[EventType "swiss (blitz)"]

{[%evp 9,105,1,12,5,10,10,5,5,2,10,20,3,8,-3,-8,-18,-20,-16,0,-15,-8,-8,0,2,2,-53,0,-8,-3,-63,16,17,108,0,109,-422,-422,-443,-429,-432,-408,-429,-410,-518,-504,-695,-681,-794,-797,-1195,-834,-832,-820,-767,-703,-1164,-1133,-1187,-1189,-1208,-1195,-1416,-1414,-1373,-1360,-2132,-1354,-1725,-1717,-1868,-1743,-2829,-2583,-12804,-9467,-29986,-29987,-29989,-29988,-29989,-29990,-29994,-29994,-29996,-29995,-29996,-29995,-29996,-29995,-29995,-29996,-29996,-29997,-29997,-29998,-29998,-29998,-29999]} 1. e4 c5 2. Nc3 e6 3. d3 a6 4. Nf3 d5 5. exd5 exd5 6. d4 {[#] B40: Sicilian: 2...e6, Unusual lines.} cxd4 $146 ({Predecessor:} 6... c4 7. Be2 Nf6 8. O-O Be7 9. Bg5 O-O 10. b3 b5 11. bxc4 dxc4 12. Bxf6 Bxf6 {0-1 (39) Djokic,M-Kote,A (1135) Ohrid 2018}) 7. Nxd4 Nf6 8. Bg5 {The position is equal.} Be7 $1 9. Be2 O-O 10. Bf3 Nc6 11. Nxc6 (11. O-O {feels hotter.} h6 12. Bf4 Qb6 13. Be3 Qd8 14. Re1) 11... bxc6 12. O-O Bf5 13. Ne2 Rb8 14. Nd4 Bd7 15. b3 Re8 16. Re1 h6 17. Bh4 ({White should try} 17. Bf4 $11) 17... Qb6 (17... g5 $15 18. Bg3 g4 19. Bxb8 Qxb8 20. Nxc6 Bxc6 21. Bxg4 Qf4) 18. c3 c5 $36 {[%mdl 2048] Black is more active.} 19. Ne2 (19. Nc2 $11) 19... Be6 (19... g5 $15 20. Bg3 Rbd8) 20. Nf4 $11 Rbd8 (20... g5 $11 {keeps the balance.} 21. Nxe6 fxe6) 21. Rc1 (21. Qc2 $16) 21... d4 (21... g5 $11 {remains equal.} 22. Nxe6 fxe6) 22. cxd4 $2 {[%mdl 8192] Now White is beyond hope.} (22. Nxe6 $16 {is necessary to keep the advantage.} fxe6 23. Qd3) 22... Rxd4 $19 {[%mdl 64] [#] Double Attack} 23. Qc2 Rxf4 24. Bg3 Rd4 25. Be5 Rd7 26. a4 Red8 27. Red1 Bxb3 28. Rxd7 Bxc2 29. Rxd8+ Qxd8 30. Rxc2 Qb6 {[#] ( -> ...Qb1+)} 31. Rc1 Bd6 32. Bxd6 Qxd6 33. h3 g6 34. Rd1 Qb6 35. Rc1 Qb4 36. a5 Qxa5 37. Be2 Qb6 38. Bc4 a5 {[%cal Ba6a5,Ba5a4][%mdl 32]} 39. Ra1 Qb4 40. Be2 a4 41. Bf3 a3 42. Rc1 a2 {Black mates.} 43. Ra1 Qb2 44. Rxa2 Qxa2 45. Bd5 Qxd5 46. h4 c4 47. h5 c3 48. hxg6 c2 49. gxf7+ Kf8 50. Kh2 c1=Q 51. f3 Qf4+ 52. g3 Qfd2+ 53. Kh3 Qh5# {Accuracy: White = 63%, Black = 62%.} 0-1